[Event "16th 4NCL Congress"]
[Site "Coventry"]
[Date "2017.11.03"]
[Round "1"]
[Board "1"]
[White "Holroyd, Nigel P"]
[Black "Potter, Steven"]
[Result "1-0"]
[WhiteElo "1997"]
[BlackElo "1842"]
[PlyCount "101"]
[EventDate "2017.11.03"]
[EventRounds "5"]
[EventCountry "ENG"]

1. d4 e6 2. Nf3 b6 3. e3 Bb7 4. Nbd2 f5 5. b3 Nf6 6. Bb2 Be7 7. Bd3 O-O 8. Qe2
Ne4 9. a3 a6 10. O-O-O a5 11. Rhg1 Nxd2 12. Nxd2 a4 13. b4 Nc6 14. e4 Nxb4 15.
axb4 a3 16. Ba1 Bxb4 17. exf5 a2 18. Nb3 Qg5+ 19. Qe3 Qxe3+ 20. fxe3 exf5 21.
Rdf1 g6 22. g4 fxg4 23. Rxg4 Rxf1+ 24. Bxf1 Bd5 25. Bg2 Bxg2 26. Rxg2 c5 27. c3
Ba3+ 28. Kd1 cxd4 29. Rxa2 b5 30. Nxd4 Ra5 31. Bb2 b4 32. cxb4 Bxb4 33. Rxa5
Bxa5 34. Ke2 Bc7 35. h3 Kf7 36. Kf3 d5 37. Nb5 Bb8 38. Kg4 Bh2 39. Bd4 h6 40.
Nc3 Ke6 41. Ne2 Kd6 42. Bg7 h5+ 43. Kg5 h4 44. Kxh4 Ke6 45. Kg5 Kf7 46. Bd4 Bd6
47. Nc3 Be7+ 48. Kh6 Bf8+ 49. Kh7 Be7 50. Nxd5 Bg5 51. Nf4 1-0

[Event "16th 4NCL Congress"]
[Site "Coventry"]
[Date "2017.11.03"]
[Round "1"]
[Board "2"]
[White "Rowan, Daniel"]
[Black "Ireland, David J"]
[Result "1-0"]
[WhiteElo "1813"]
[BlackElo "1972"]
[PlyCount "99"]
[EventDate "2017.11.03"]
[EventRounds "5"]
[EventCountry "ENG"]

1. d4 Nf6 2. Bg5 c5 3. d5 e6 4. e4 h6 5. Bxf6 Qxf6 6. c3 exd5 7. exd5 Bd6 8.
Nf3 O-O 9. Be2 Re8 10. O-O b6 11. Nbd2 Na6 12. Bd3 Bb7 13. Ne4 Qe7 14. Re1 Qf8
15. Bc2 c4 16. Nd4 Nc5 17. Qg4 Nxe4 18. Bxe4 Rad8 19. h4 Be5 20. h5 Bxd4 21.
cxd4 Qd6 22. Qf5 g6 23. hxg6 fxg6 24. Qxg6+ Qxg6 25. Bxg6 Rxe1+ 26. Rxe1 Kg7
27. Be4 Re8 28. Re3 b5 29. Kf1 b4 30. Ke1 Kf6 31. Kd2 Kg5 32. Bf3 Rxe3 33. fxe3
d6 34. g3 a5 35. a3 h5 36. e4 Kf6 37. Bd1 Kg5 38. Ke3 Ba6 39. e5 Bb5 40. exd6
Bd7 41. Be2 c3 42. bxc3 bxc3 43. Kd3 Kf5 44. Kxc3 Ke4 45. Kc4 Ke3 46. Bxh5 Kf2
47. g4 Ke3 48. Kc5 Ke4 49. Bg6+ Kf4 50. Bf5 1-0

[Event "16th 4NCL Congress"]
[Site "Coventry"]
[Date "2017.11.03"]
[Round "1"]
[Board "3"]
[White "Shaw, Meyrick"]
[Black "Jackson, Gary C"]
[Result "1-0"]
[WhiteElo "1954"]
[BlackElo "1812"]
[PlyCount "95"]
[EventDate "2017.11.03"]
[EventRounds "5"]
[EventCountry "ENG"]

1. e4 c5 2. Nc3 d6 3. d3 Nc6 4. g3 g6 5. Bg2 Bg7 6. Nge2 Nf6 7. f4 Rb8 8. h3
Nd7 9. f5 O-O 10. O-O b5 11. Nd5 a5 12. c3 b4 13. fxg6 fxg6 14. Nef4 Nde5 15.
Qc2 e6 16. Ne3 Qe7 17. Nd1 Ba6 18. Nf2 Na7 19. Be3 Nec6 20. Rad1 Rfc8 21. Ng4
bxc3 22. bxc3 Nb5 23. Ne2 Rf8 24. a4 Nba7 25. Nf4 Ne5 26. Nxe5 Bxe5 27. Bf3 Bg7
28. Bg4 Bc8 29. d4 cxd4 30. cxd4 Re8 31. Rb1 Rb7 32. Rfc1 Bh6 33. Kg2 Bxf4 34.
gxf4 Rxb1 35. Qxb1 Ba6 36. Qb6 Bd3 37. Rc7 Bxe4+ 38. Kg3 Qf6 39. Rxa7 h5 40.
Be2 h4+ 41. Kf2 g5 42. Qxd6 Bd5 43. Qe5 Rf8 44. Qxf6 Rxf6 45. Bd2 gxf4 46. Bf3
Rg6 47. Bxd5 exd5 48. Bxf4 1-0

[Event "16th 4NCL Congress"]
[Site "Coventry"]
[Date "2017.11.03"]
[Round "1"]
[Board "4"]
[White "Hymer, Barry J"]
[Black "Bennett, Dominic L"]
[Result "1/2-1/2"]
[WhiteElo "1809"]
[BlackElo "1953"]
[PlyCount "130"]
[EventDate "2017.11.03"]
[EventRounds "5"]
[EventCountry "ENG"]

1. d4 e6 2. Nf3 Be7 3. Bf4 f5 4. e3 Nf6 5. c4 O-O 6. Nc3 d6 7. Be2 Kh8 8. O-O
Nh5 9. Ne1 Nxf4 10. exf4 g5 11. fxg5 Bxg5 12. f4 Bf6 13. Nf3 c6 14. Kh1 a6 15.
b4 b5 16. c5 a5 17. a3 Na6 18. Qb3 d5 19. Ne5 Bd7 20. Rf3 Bxe5 21. fxe5 axb4
22. axb4 Nxc5 23. Rxa8 Nxb3 24. Rxd8 Rxd8 25. Nxb5 Nd2 26. Rd3 Ne4 27. Nd6 Nf2+
28. Kg1 Nxd3 29. Nf7+ Kg7 30. Nxd8 Nxb4 31. Nb7 Nc2 32. Nc5 Bc8 33. Nb3 h6 34.
Kf2 Kg6 35. Bd1 Nb4 36. Nc5 Na6 37. Nb3 Bd7 38. Ke3 Be8 39. Be2 Nc7 40. Nc5 Kf7
41. Kf4 Ke7 42. g4 fxg4 43. Bxg4 Bf7 44. h4 Bg6 45. h5 Bf7 46. Ke3 Ne8 47. Nd3
Bg8 48. Nf4 Nc7 49. Nd3 Na6 50. Bh3 Bh7 51. Nf4 Nc7 52. Bg4 Kf7 53. Bd1 Na6 54.
Bg4 Bf5 55. Bxf5 exf5 56. Nd3 Ke7 57. Kf3 Kf7 58. Ke3 Ke7 59. Kd2 Nc7 60. Ke3
Ne6 61. Nb4 Kd7 62. Nd3 Ke7 63. Nb4 Kd7 64. Nd3 Ke7 65. Nb4 Kd7 1/2-1/2

[Event "16th 4NCL Congress"]
[Site "Coventry"]
[Date "2017.11.03"]
[Round "1"]
[Board "5"]
[White "Fryer, David W"]
[Black "Goodfellow, Russell R"]
[Result "1/2-1/2"]
[WhiteElo "1937"]
[BlackElo "1804"]
[PlyCount "154"]
[EventDate "2017.11.03"]
[EventRounds "5"]
[EventCountry "ENG"]

1. e4 c5 2. Nc3 e6 3. g3 Nc6 4. Bg2 g6 5. d3 Bg7 6. Be3 d6 7. Qd2 Qa5 8. f4
Nge7 9. Nf3 Nd4 10. O-O Rb8 11. a3 a6 12. g4 h5 13. g5 Bd7 14. Qf2 Nec6 15. e5
Nxf3+ 16. Bxf3 dxe5 17. Bxc5 Nd4 18. b4 Qc7 19. fxe5 Nxf3+ 20. Qxf3 Bc6 21. Ne4
Bxe4 22. dxe4 Bxe5 23. c3 Bxh2+ 24. Kh1 Be5 25. Rac1 b6 26. Bd4 O-O 27. Qf2 b5
28. Rc2 Rbc8 29. Re2 Rcd8 30. Bb6 Qxc3 31. Bxd8 Qh3+ 32. Kg1 Qg4+ 33. Qg2 Bd4+
34. Kh1 Qh4+ 35. Qh2 Qxh2+ 36. Rxh2 Rxd8 37. Rd2 e5 38. Rf6 Ra8 39. Rd3 Ra7 40.
Kg2 Kf8 41. Rdf3 Ke8 42. Kh3 Bb2 43. Rc6 Bd4 44. Kh4 Bb2 45. Kg3 Ke7 46. Kh3
Ke8 47. Rc2 Bd4 48. Rf6 a5 49. Rf3 axb4 50. axb4 Ke7 51. Rc1 Rb7 52. Rc8 Bb2
53. Rh8 Bc1 54. Rxf7+ Kxf7 55. Rh7+ Ke6 56. Rxb7 Bxg5 57. Rxb5 Be3 58. Rb8 Kd6
59. Rg8 g5 60. Rg6+ Kc7 61. Kg2 h4 62. Kh3 Kb7 63. Kg4 Bf4 64. Kf5 h3 65. Rh6
h2 66. Kg4 Ka7 67. Rh8 Kb6 68. Kf3 Kb5 69. Rb8+ Kc4 70. Kg2 g4 71. b5 Kc5 72.
b6 Kc6 73. Rg8 g3 74. Rg6+ Kb7 75. Kh1 Ka6 76. Kg2 Kb7 77. Kh1 Ka6 1/2-1/2

[Event "16th 4NCL Congress"]
[Site "Coventry"]
[Date "2017.11.03"]
[Round "1"]
[Board "6"]
[White "Mycock, Ken"]
[Black "Pink, Joshua"]
[Result "1/2-1/2"]
[WhiteElo "1780"]
[BlackElo "1925"]
[PlyCount "66"]
[EventDate "2017.11.03"]
[EventRounds "5"]
[EventCountry "ENG"]

1. e4 b6 2. Bc4 e6 3. Nc3 Bb7 4. Qe2 Nf6 5. Nf3 d5 6. exd5 Nxd5 7. Bxd5 Bxd5 8.
Nxd5 Qxd5 9. O-O Bd6 10. c4 Qf5 11. d4 O-O 12. Re1 Nd7 13. b3 Bb4 14. Bd2 Bxd2
15. Qxd2 Rad8 16. Qc3 Nf6 17. Ne5 Ng4 18. Qf3 Nxe5 19. Qxf5 exf5 20. dxe5 Rd2
21. Kf1 Re8 22. Red1 Red8 23. Ke1 Rxd1+ 24. Rxd1 Rxd1+ 25. Kxd1 g5 26. Kd2 Kf8
27. Ke3 Ke7 28. f4 h6 29. b4 c6 30. g3 g4 31. a4 a6 32. Kd4 Ke6 33. b5 c5+
 1/2-1/2

[Event "16th 4NCL Congress"]
[Site "Coventry"]
[Date "2017.11.03"]
[Round "1"]
[Board "7"]
[White "De Coverly, Roger D"]
[Black "Hall, David G"]
[Result "1-0"]
[WhiteElo "1917"]
[BlackElo "1756"]
[PlyCount "81"]
[EventDate "2017.11.03"]
[EventRounds "5"]
[EventCountry "ENG"]

1. e4 g6 2. d4 Bg7 3. Nc3 c6 4. f4 d5 5. e5 Nh6 6. Nf3 Bg4 7. Be3 O-O 8. h3
Bxf3 9. Qxf3 e6 10. g4 Qb6 11. O-O-O Nd7 12. f5 Rfc8 13. h4 exf5 14. Bh3 fxg4
15. Bxg4 Nxg4 16. Qxg4 Nxe5 17. dxe5 Qxe3+ 18. Kb1 Qxe5 19. h5 f5 20. Qg2 Kf7
21. hxg6+ hxg6 22. Rhg1 Qf6 23. Rd3 Re8 24. Nd1 Re6 25. Rg3 Rae8 26. c3 b5 27.
a3 R8e7 28. Ka2 a5 29. Qf2 Qe5 30. Ne3 d4 31. Nxf5 Qxf5 32. Rf3 Re2 33. Rxf5+
gxf5 34. Qxf5+ Kg8 35. cxd4 Rd2 36. Qc8+ Kf7 37. Rf1+ Bf6 38. Qxc6 Re6 39. Qd7+
Re7 40. Qd5+ Re6 41. Re1 1-0

[Event "16th 4NCL Congress"]
[Site "Coventry"]
[Date "2017.11.03"]
[Round "1"]
[Board "8"]
[White "Royal, Shreyas"]
[Black "Burrows, Nick"]
[Result "0-1"]
[WhiteElo "1724"]
[BlackElo "1908"]
[PlyCount "56"]
[EventDate "2017.11.03"]
[EventRounds "5"]
[EventCountry "ENG"]

1. d4 f5 2. Bg5 g6 3. Nd2 Bg7 4. e4 fxe4 5. Nxe4 d5 6. Nc5 b6 7. Nb3 Nh6 8. Nf3
Nf7 9. Bh4 O-O 10. Bb5 a5 11. a4 c6 12. Be2 c5 13. c4 Ba6 14. cxd5 Bxe2 15.
Qxe2 Qxd5 16. Qd1 Qe6+ 17. Kf1 Rd8 18. Qc2 Nc6 19. Re1 Qd5 20. dxc5 Nb4 21. Qe4
Qxb3 22. Bxe7 Re8 23. cxb6 Bf8 24. Qb7 Nd3 25. Re3 Bxe7 26. Rxe7 Qd1+ 27. Re1
Qxe1+ 28. Nxe1 Rxe1# 0-1

[Event "16th 4NCL Congress"]
[Site "Coventry"]
[Date "2017.11.03"]
[Round "1"]
[Board "9"]
[White "Mcewan, Peter"]
[Black "Lawrence, Roy A"]
[Result "1-0"]
[WhiteElo "1898"]
[BlackElo "1720"]
[PlyCount "117"]
[EventDate "2017.11.03"]
[EventRounds "5"]
[EventCountry "ENG"]

1. e4 g6 2. d4 Bg7 3. Nc3 d6 4. Be3 Nf6 5. f3 Nbd7 6. Qd2 e5 7. dxe5 dxe5 8.
Bh6 Bxh6 9. Qxh6 Nb6 10. Bd3 Be6 11. O-O-O Qe7 12. Qg5 O-O-O 13. Qxe5 Nfd7 14.
Qa5 Kb8 15. Nge2 Nc5 16. Kb1 c6 17. Nf4 Bc8 18. g3 Qe5 19. Be2 Qe7 20. Nd3 Ncd7
21. Nc1 Ne5 22. h4 Nbc4 23. Bxc4 Nxc4 24. Qg5 Qb4 25. Nb3 Qb6 26. Qf4+ Qc7 27.
Qxc7+ Kxc7 28. Rxd8 Rxd8 29. Kc1 Ne5 30. Rf1 b6 31. Rf2 Be6 32. f4 Bxb3 33.
axb3 Ng4 34. Rd2 Rxd2 35. Kxd2 Nf6 36. e5 Nh5 37. Ne4 h6 38. Ke3 Kd7 39. g4 Ng7
40. Nd6 Ke6 41. Nc8 Ne8 42. b4 Nc7 43. c4 b5 44. b3 a6 45. Ke4 Ne8 46. f5+ Kd7
47. Na7 Nc7 48. fxg6 fxg6 49. h5 gxh5 50. gxh5 bxc4 51. bxc4 c5 52. b5 a5 53.
b6 Na6 54. Kf5 a4 55. Nb5 Nb8 56. Kf6 Ke8 57. e6 Nc6 58. b7 Nb8 59. e7 1-0

[Event "16th 4NCL Congress"]
[Site "Coventry"]
[Date "2017.11.03"]
[Round "1"]
[Board "10"]
[White "See, Tristian"]
[Black "Quraishi, Shahab Ua"]
[Result "1/2-1/2"]
[WhiteElo "1683"]
[BlackElo "1892"]
[PlyCount "92"]
[EventDate "2017.11.03"]
[EventRounds "5"]
[EventCountry "ENG"]

1. e4 c5 2. Nf3 e6 3. d4 cxd4 4. Nxd4 a6 5. Nc3 Qc7 6. Be3 Nf6 7. a3 b5 8. Bd3
Bb7 9. O-O Nc6 10. h3 Rc8 11. Re1 Be7 12. Nxc6 Bxc6 13. Qf3 O-O 14. Rad1 d5 15.
exd5 Nxd5 16. Nxd5 Bxd5 17. Qg4 f5 18. Qh5 g6 19. Qh6 Qb7 20. Bd4 Bf6 21. Bxf6
Rxf6 22. Qg5 Qg7 23. Re5 Rff8 24. Rde1 Rfe8 25. Qd2 Qc7 26. Qg5 Qg7 27. Qd2 Be4
28. Bxe4 Qxe5 29. Bc6 Qc7 30. Bxe8 Rxe8 31. c3 Kf7 32. Rd1 Re7 33. Qd4 e5 34.
Qd5+ Kf6 35. h4 e4 36. Qd4+ Kf7 37. Qh8 Ke6 38. Qg8+ Rf7 39. Qa8 Qb6 40. Qe8+
Kf6 41. Qh8+ Ke6 42. Rd4 Qc7 43. g3 Rd7 44. Qg8+ Kf6 45. Qf8+ Ke6 46. Qe8+ Re7
 1/2-1/2

[Event "16th 4NCL Congress"]
[Site "Coventry"]
[Date "2017.11.03"]
[Round "1"]
[Board "11"]
[White "Hamilton, Douglas"]
[Black "Camp, Syringa Lyn"]
[Result "1-0"]
[WhiteElo "1881"]
[BlackElo "1670"]
[PlyCount "53"]
[EventDate "2017.11.03"]
[EventRounds "5"]
[EventCountry "ENG"]

1. c4 c5 2. g3 Nf6 3. Bg2 d5 4. cxd5 Nxd5 5. Nf3 Nc6 6. Nc3 e6 7. O-O Be7 8. d3
O-O 9. Bd2 a6 10. a3 Qc7 11. e3 Rd8 12. Qc2 Rb8 13. Rac1 b6 14. d4 Bb7 15. dxc5
Bxc5 16. Nxd5 exd5 17. b4 Bf8 18. Qb2 Qe7 19. Bc3 b5 20. Nd4 Rbc8 21. Nb3 Rc7
22. Rfd1 Qg5 23. Bd4 Re7 24. Bb6 Rdd7 25. Nc5 Ne5 26. Nxd7 Rxd7 27. f4 1-0

[Event "16th 4NCL Congress"]
[Site "Coventry"]
[Date "2017.11.03"]
[Round "1"]
[Board "12"]
[White "Ross, Stuart"]
[Black "Ali, Golam S"]
[Result "0-1"]
[WhiteElo "1641"]
[BlackElo "1871"]
[PlyCount "78"]
[EventDate "2017.11.03"]
[EventRounds "5"]
[EventCountry "ENG"]

1. e4 c5 2. Nf3 d6 3. d4 cxd4 4. Nxd4 Nf6 5. Nc3 a6 6. Bg5 e6 7. f4 Be7 8. Qf3
Qc7 9. O-O-O Nc6 10. g4 Nxd4 11. Rxd4 b5 12. Bg2 Bb7 13. Rhd1 Rc8 14. Qe2 O-O
15. e5 dxe5 16. fxe5 Nd5 17. Bxe7 Nxc3 18. bxc3 Qxe7 19. Bxb7 Qxb7 20. Rd7 Qc6
21. R1d6 Qxc3 22. Rxa6 Qa1+ 23. Kd2 Rxc2+ 24. Kxc2 Rc8+ 25. Kd3 Qc3+ 26. Ke4
Rc4+ 27. Qxc4 Qxc4+ 28. Kf3 g5 29. h3 Qf4+ 30. Kg2 Qxe5 31. Raa7 Qe2+ 32. Kg3
Qe3+ 33. Kg2 Qf4 34. Rdb7 e5 35. Rb8+ Kg7 36. Rab7 e4 37. Rxb5 e3 38. Rb1 Qf2+
39. Kh1 e2 0-1

[Event "16th 4NCL Congress"]
[Site "Coventry"]
[Date "2017.11.03"]
[Round "1"]
[Board "13"]
[White "Nwachukwu, Chino"]
[Black "Di-Vetta, Andrew"]
[Result "0-1"]
[WhiteElo "1870"]
[BlackElo "1611"]
[PlyCount "98"]
[EventDate "2017.11.03"]
[EventRounds "5"]
[EventCountry "ENG"]

1. e4 c5 2. Nf3 d6 3. d4 cxd4 4. Nxd4 Nf6 5. Nc3 a6 6. Bg5 e6 7. f4 Be7 8. Qf3
Qb6 9. O-O-O O-O 10. g4 Nc6 11. Nb3 Qc7 12. h4 b5 13. Bxf6 Bxf6 14. g5 Be7 15.
Nd4 Bb7 16. h5 b4 17. Nce2 e5 18. Nf5 Rfc8 19. g6 Na5 20. Nxe7+ Qxe7 21. Bh3
Rc4 22. fxe5 Bxe4 23. Qxf7+ Qxf7 24. gxf7+ Kf8 25. Nd4 Bxh1 26. e6 Be4 27. Bf1
Rc5 28. Re1 Re5 29. Kd2 Bd5 30. Bd3 Rxe1 31. Kxe1 Nc6 32. Nf5 Bxe6 33. Nxd6
Bxf7 34. Be4 Re8 35. Nxe8 Bxe8 36. Bxh7 Bxh5 37. Bd3 a5 38. c3 Ke7 39. cxb4
Nxb4 40. Bc4 Bf7 41. Bxf7 Kxf7 42. a3 Nd3+ 43. Kd2 Nxb2 44. Kc3 Na4+ 45. Kb3
Nc5+ 46. Kc4 Nb7 47. Kb5 g5 48. a4 Kf6 49. Kc6 Nd8+ 0-1

[Event "16th 4NCL Congress"]
[Site "Coventry"]
[Date "2017.11.03"]
[Round "1"]
[Board "14"]
[White "Frith, Shane S"]
[Black "Angheluta, Ovidiu"]
[Result "0-1"]
[WhiteElo "1603"]
[BlackElo "1866"]
[PlyCount "44"]
[EventDate "2017.11.03"]
[EventRounds "5"]
[EventCountry "ENG"]

1. e4 d5 2. exd5 Qxd5 3. Nc3 Qa5 4. g3 Nf6 5. Bg2 c6 6. Nge2 Bf5 7. O-O e6 8.
d3 h5 9. Bd2 h4 10. Nd5 Qd8 11. Nxf6+ Qxf6 12. Bc3 Qh6 13. Bd2 Qh7 14. gxh4 Bd6
15. Ng3 Qxh4 16. Re1 Bg4 17. Qc1 Qxh2+ 18. Kf1 Bh3 19. Bxh3 Qxh3+ 20. Kg1 Bxg3
21. fxg3 Qxg3+ 22. Kf1 Qf3+ 0-1

[Event "16th 4NCL Congress"]
[Site "Coventry"]
[Date "2017.11.03"]
[Round "1"]
[Board "15"]
[White "David, Ivan"]
[Black "Robinson, Brian"]
[Result "1/2-1/2"]
[WhiteElo "1848"]
[BlackElo "1593"]
[PlyCount "76"]
[EventDate "2017.11.03"]
[EventRounds "5"]
[EventCountry "ENG"]

1. c4 e6 2. g3 Nf6 3. Bg2 d5 4. Nf3 Be7 5. O-O O-O 6. d4 c6 7. Qc2 Nbd7 8. b3
b6 9. Bb2 Bb7 10. Nbd2 Rc8 11. Rad1 Rc7 12. Qb1 Qc8 13. a3 c5 14. cxd5 exd5 15.
dxc5 bxc5 16. Ne5 Rd8 17. Bh3 Qb8 18. Ndf3 d4 19. Nc4 Be4 20. Qa2 Rb7 21. Nfd2
Bd5 22. Ba1 Ne4 23. Nxe4 Bxe4 24. Nd2 Bd5 25. Rb1 Nf6 26. Bg2 Bxg2 27. Kxg2 Nd5
28. Qc2 Rc8 29. Nc4 Bf6 30. Qd3 Nc3 31. Bxc3 dxc3 32. Qc2 Rd8 33. Rfd1 Rbd7 34.
Rxd7 Rxd7 35. Rd1 Qd8 36. Rxd7 Qxd7 37. e3 a5 38. a4 Qd5+ 1/2-1/2

[Event "16th 4NCL Congress"]
[Site "Coventry"]
[Date "2017.11.03"]
[Round "1"]
[Board "16"]
[White "Peev, Georgi"]
[Black "Gibbs, Dominic V"]
[Result "0-1"]
[WhiteElo "1589"]
[BlackElo "1847"]
[PlyCount "58"]
[EventDate "2017.11.03"]
[EventRounds "5"]
[EventCountry "ENG"]

1. e4 c5 2. Nf3 d6 3. d4 cxd4 4. Nxd4 Nf6 5. Nc3 a6 6. Be3 e5 7. Nb3 Be6 8. Nd5
Nbd7 9. Nxf6+ Nxf6 10. f3 Be7 11. Bd3 Rc8 12. Qe2 d5 13. O-O-O Qc7 14. h3 dxe4
15. fxe4 Bc4 16. Kb1 Nxe4 17. Bb6 Qxb6 18. Bxc4 Nd6 19. Bd5 Bf6 20. Rhf1 Qb5
21. Qg4 h5 22. Qf3 a5 23. Rfe1 O-O 24. c3 a4 25. Nc1 Nc4 26. Bxc4 Qxc4 27. Re4
Qb5 28. Rb4 Qc6 29. Rxb7 e4 0-1

[Event "16th 4NCL Congress"]
[Site "Coventry"]
[Date "2017.11.03"]
[Round "1"]
[Board "17"]
[White "Jacob, Sydney J"]
[Black "Horrell, Stephen A"]
[Result "1-0"]
[WhiteElo "1845"]
[BlackElo "1568"]
[PlyCount "39"]
[EventDate "2017.11.03"]
[EventRounds "5"]
[EventCountry "ENG"]

1. d4 d5 2. c4 e6 3. Nc3 Nf6 4. cxd5 exd5 5. Bg5 c6 6. e3 h6 7. Bh4 Bf5 8. Bd3
Bxd3 9. Qxd3 Be7 10. h3 Nh5 11. Bxe7 Qxe7 12. Qf5 Nf6 13. Qc8+ Qd8 14. Qxb7
Nbd7 15. Qxc6 Rc8 16. Qa4 Qb6 17. Nge2 O-O 18. O-O Rc4 19. Qb5 Qe6 20. Nf4 1-0

[Event "16th 4NCL Congress"]
[Site "Coventry"]
[Date "2017.11.04"]
[Round "2"]
[Board "1"]
[White "Ali, Golam S"]
[Black "Holroyd, Nigel P"]
[Result "1-0"]
[WhiteElo "1871"]
[BlackElo "1997"]
[PlyCount "43"]
[EventDate "2017.11.03"]
[EventRounds "5"]
[EventCountry "ENG"]

1. d4 d5 2. e4 dxe4 3. Nc3 Nf6 4. f3 Bf5 5. fxe4 Nxe4 6. Qf3 Nd6 7. Bf4 Bc8 8.
O-O-O e6 9. d5 Qf6 10. Nb5 Nxb5 11. Bxb5+ Bd7 12. dxe6 Bxb5 13. Qxb7 Qxf4+ 14.
Kb1 Bd6 15. Qxb5+ Ke7 16. Nh3 Qe5 17. Qb7 Nd7 18. Rxd6 Rhb8 19. Rxd7+ Kxe6 20.
Qc6+ Kf5 21. Rxf7+ Kg4 22. Qf3+ 1-0

[Event "16th 4NCL Congress"]
[Site "Coventry"]
[Date "2017.11.04"]
[Round "2"]
[Board "2"]
[White "Angheluta, Ovidiu"]
[Black "Shaw, Meyrick"]
[Result "0-1"]
[WhiteElo "1866"]
[BlackElo "1954"]
[PlyCount "103"]
[EventDate "2017.11.03"]
[EventRounds "5"]
[EventCountry "ENG"]

1. c4 e5 2. Nc3 b6 3. g3 Bb7 4. e4 Nc6 5. Bg2 Bc5 6. d3 Nge7 7. a3 a5 8. Nge2
O-O 9. O-O Ng6 10. Kh1 Nd4 11. Rb1 f5 12. b4 Nxe2 13. Nxe2 Be7 14. Nc3 f4 15.
f3 d6 16. Nd5 c6 17. Nxe7+ Qxe7 18. Qb3 a4 19. Qa2 Bc8 20. Bd2 Be6 21. Qb2 b5
22. Rbc1 Qd7 23. g4 Ne7 24. Rfd1 Qa7 25. Bc3 bxc4 26. dxc4 Rfd8 27. Bf1 Qe3 28.
Rd3 Qb6 29. c5 dxc5 30. Bxe5 Ng6 31. bxc5 Qxb2 32. Bxb2 Rxd3 33. Bxd3 Rb8 34.
Rc2 Rb3 35. Rd2 Nh4 36. Be2 Kf7 37. Bd1 Re3 38. Bd4 Rxa3 39. Rb2 Bb3 40. Bf2
Bxd1 41. Bxh4 Bxf3+ 42. Kg1 Rb3 43. Rd2 Bxe4 44. Rd4 Rb1+ 45. Kf2 Rb2+ 46. Ke1
Bc2 47. Kd2 Bb3+ 48. Kc3 Rxh2 49. Rxf4+ Kg6 50. Be1 Rg2 51. Bd2 Bd1 52. Rd4 0-1

[Event "16th 4NCL Congress"]
[Site "Coventry"]
[Date "2017.11.04"]
[Round "2"]
[Board "3"]
[White "Gibbs, Dominic V"]
[Black "De Coverly, Roger D"]
[Result "0-1"]
[WhiteElo "1847"]
[BlackElo "1917"]
[PlyCount "72"]
[EventDate "2017.11.03"]
[EventRounds "5"]
[EventCountry "ENG"]

1. e4 c5 2. Nc3 Nc6 3. Bb5 Nd4 4. Bc4 e6 5. Nge2 Nf6 6. O-O a6 7. a4 d6 8. d3
Be7 9. h3 O-O 10. Be3 d5 11. exd5 exd5 12. Ba2 Nxe2+ 13. Nxe2 b5 14. c3 Bd7 15.
Nf4 Bc6 16. d4 bxa4 17. dxc5 Rb8 18. Qc2 Qc8 19. Nd3 Qf5 20. Rac1 Bb5 21. c4
Bc6 22. Nf4 Qxc2 23. Rxc2 dxc4 24. Bxc4 a5 25. Ra1 Rfd8 26. f3 g5 27. Nd3 Nd5
28. Bf2 Bf6 29. Re2 Nf4 30. Nxf4 gxf4 31. Rb1 Rb4 32. Rc2 Rdb8 33. Kf1 a3 34.
b3 a4 35. Be1 Rxc4 36. Rxc4 Bb5 0-1

[Event "16th 4NCL Congress"]
[Site "Coventry"]
[Date "2017.11.04"]
[Round "2"]
[Board "4"]
[White "Burrows, Nick"]
[Black "Jacob, Sydney J"]
[Result "1-0"]
[WhiteElo "1908"]
[BlackElo "1845"]
[PlyCount "71"]
[EventDate "2017.11.03"]
[EventRounds "5"]
[EventCountry "ENG"]

1. d4 d6 2. Nf3 Nf6 3. g3 g6 4. Bg2 Bg7 5. c4 O-O 6. Nc3 Nbd7 7. O-O c6 8. e4
Qc7 9. h3 e5 10. Be3 Re8 11. d5 c5 12. Ne1 a6 13. a4 b6 14. Nd3 Rb8 15. Qd2 Nf8
16. Rae1 Bd7 17. Bh6 b5 18. Bxg7 Kxg7 19. axb5 axb5 20. b3 bxc4 21. bxc4 Rb3
22. f4 Nh5 23. g4 Nxf4 24. Nxf4 exf4 25. Qxf4 f5 26. exf5 Rxe1 27. f6+ Kh8 28.
Rxe1 g5 29. Qxg5 Ng6 30. f7 Kg7 31. Ne4 Kxf7 32. Qf6+ Kg8 33. Nxd6 Rb6 34. Qf7+
Kh8 35. Ne8 Bxe8 36. Qxc7 1-0

[Event "16th 4NCL Congress"]
[Site "Coventry"]
[Date "2017.11.04"]
[Round "2"]
[Board "5"]
[White "Di-Vetta, Andrew"]
[Black "Mcewan, Peter"]
[Result "1/2-1/2"]
[WhiteElo "1611"]
[BlackElo "1898"]
[PlyCount "130"]
[EventDate "2017.11.03"]
[EventRounds "5"]
[EventCountry "ENG"]

1. d4 Nf6 2. Nf3 g6 3. Bf4 Bg7 4. c3 d6 5. Nbd2 Nh5 6. Be3 e5 7. dxe5 dxe5 8.
g3 O-O 9. Bg2 c6 10. Qb3 Qc7 11. O-O Be6 12. Qa3 h6 13. Rad1 Nd7 14. Ne4 Rfd8
15. b3 Nb6 16. c4 Bf8 17. Qc1 Kh7 18. Nc5 Ng7 19. Rxd8 Rxd8 20. Rd1 Rxd1+ 21.
Qxd1 Bc8 22. Ne4 Nd7 23. Ne1 f5 24. Nc3 Qa5 25. Qc2 Nf6 26. Bd2 Qb6 27. Na4 Qc7
28. Bc3 Ne6 29. e3 Bg7 30. Nf3 Ne4 31. Be1 N6c5 32. Nxc5 Nxc5 33. Qd1 Qd7 34.
Qxd7 Bxd7 35. Bf1 Ne6 36. Bc3 e4 37. Ne5 Nf8 38. Nxd7 Nxd7 39. Bd2 Ne5 40. Kg2
b6 41. Be2 Nf7 42. g4 Nd6 43. h3 Kg8 44. h4 Kf7 45. Be1 Ke6 46. f4 b5 47. Bb4
bxc4 48. bxc4 Nb7 49. g5 hxg5 50. hxg5 c5 51. Bd2 Kd6 52. Kf1 Bb2 53. Ke1 Nd8
54. Kd1 Ba3 55. Bc3 Bb4 56. Bb2 Nc6 57. a3 Ba5 58. Kc2 a6 59. Bc1 Bc7 60. Bd2
Ne7 61. Bc3 Ke6 62. Kb3 Kd7 63. Bd1 Nc8 64. Bc2 Nd6 65. a4 a5 1/2-1/2

[Event "16th 4NCL Congress"]
[Site "Coventry"]
[Date "2017.11.04"]
[Round "2"]
[Board "6"]
[White "Tandon, Rohan"]
[Black "Hamilton, Douglas"]
[Result "1/2-1/2"]
[WhiteElo "1472"]
[BlackElo "1881"]
[PlyCount "57"]
[EventDate "2017.11.03"]
[EventRounds "5"]
[EventCountry "ENG"]

1. e4 d6 2. d4 Nf6 3. Nc3 Nbd7 4. f4 e5 5. fxe5 dxe5 6. dxe5 Nxe5 7. Qxd8+ Kxd8
8. Bf4 Bd6 9. O-O-O Bd7 10. Bb5 Nd3+ 11. Rxd3 Bxf4+ 12. Kb1 c6 13. Bc4 Kc7 14.
Bxf7 Rhf8 15. Bb3 Rae8 16. Nge2 Nxe4 17. Nxe4 Rxe4 18. Nxf4 Rexf4 19. a3 Rf1+
20. Rxf1 Rxf1+ 21. Ka2 Rf2 22. Rg3 g6 23. Bg8 h5 24. Rxg6 Rxc2 25. Rg7 Kd6 26.
Bb3 Rf2 27. Rg6+ Kc7 28. Rg7 Kd6 29. Rg6+ 1/2-1/2

[Event "16th 4NCL Congress"]
[Site "Coventry"]
[Date "2017.11.04"]
[Round "2"]
[Board "7"]
[White "Bennett, Dominic L"]
[Black "Rowan, Daniel"]
[Result "1-0"]
[WhiteElo "1953"]
[BlackElo "1813"]
[PlyCount "93"]
[EventDate "2017.11.03"]
[EventRounds "5"]
[EventCountry "ENG"]

1. e4 c5 2. Nf3 e6 3. b3 d5 4. exd5 exd5 5. Bb5+ Nc6 6. Ne5 Qc7 7. Bb2 Nf6 8.
Qe2 Be6 9. f4 O-O-O 10. Bxc6 bxc6 11. Qa6+ Qb7 12. Qxc6+ Qxc6 13. Nxc6 Rd7 14.
O-O Bf5 15. Na3 Bd6 16. Be5 Kb7 17. Bxd6 Kxc6 18. Be5 Ne8 19. Bb2 f6 20. Rae1
Nd6 21. d3 Re8 22. Rxe8 Nxe8 23. Re1 Nc7 24. g3 Rd6 25. Kg2 Re6 26. Rxe6+ Bxe6
27. Kf3 Nb5 28. Nb1 h5 29. Nd2 Nd6 30. Kf2 c4 31. dxc4 dxc4 32. Ba3 cxb3 33.
cxb3 Nb5 34. Bf8 g6 35. Ne4 f5 36. Nc5 Bd5 37. Ke3 Nc3 38. Kd4 Nxa2 39. Ke5 Nc1
40. b4 Ne2 41. b5+ Kxb5 42. Kxd5 h4 43. gxh4 Nxf4+ 44. Ke5 Ng2 45. Be7 Nxh4 46.
Bxh4 Kxc5 47. Bf2+ 1-0

[Event "16th 4NCL Congress"]
[Site "Coventry"]
[Date "2017.11.04"]
[Round "2"]
[Board "8"]
[White "Reid, Patrick D"]
[Black "Fryer, David W"]
[Result "1/2-1/2"]
[WhiteElo "1770"]
[BlackElo "1937"]
[PlyCount "59"]
[EventDate "2017.11.03"]
[EventRounds "5"]
[EventCountry "ENG"]

1. c4 Nf6 2. Nc3 e6 3. g3 d5 4. d4 Be7 5. Bg2 O-O 6. Nf3 dxc4 7. Qa4 c6 8. Qxc4
b5 9. Qb3 Bb7 10. O-O a6 11. Bg5 Nbd7 12. Rad1 h6 13. Bxf6 Nxf6 14. Ne5 Rc8 15.
e4 Qc7 16. Nd3 Nd7 17. d5 exd5 18. exd5 cxd5 19. Nxd5 Bxd5 20. Bxd5 Nb6 21. Rc1
Qd8 22. Rxc8 Qxc8 23. Bg2 Bf6 24. Rc1 Qf5 25. Nf4 Rc8 26. Rd1 Qc2 27. Qxc2 Rxc2
28. Bb7 Rxb2 29. Bxa6 Rxa2 30. Bxb5 1/2-1/2